000 00543nam a22001697a 4500
005 20251108175210.0
008 250721s2003 xx 000 0 ara d
082 1 4 _aم/306/هيت
100 1 _aالهيتي، هادي نعمان
245 1 0 _aإشكالية المستقبل في الوعي العربي /
264 1 _aبيروت _ لبنان :
_bمركز دراسات الوحدة العربية،
_c2003.
300 _a257ص.
650 1 7 _aالثقافة
650 1 7 _aالوطن العربي
942 _2ddc
_cBK
999 _c128477
_d128477